| 000 | 00804cam a2200205 i 4500 | ||
|---|---|---|---|
| 005 | 20260118114621.0 | ||
| 008 | 250721s1989 jo gr 000 0 ara d | ||
| 082 | 1 | 4 |
_a327.11 _bك ا ن |
| 100 | 1 |
_aكانتور، روبرت . د _eمؤلف. |
|
| 240 | 1 | 0 | _acontemporary international politics. |
| 245 | 1 | 2 |
_aالسياسة الدولية المعاصرة / _cتأليف روبرت د. كنتور ؛ أعد الترجمة وقدم لها د. أحمد ظاهر. |
| 264 | 3 | 1 |
_aعمان : _bمركز الكتب الأردني، _c1989. |
| 300 | _a528 صفحة. | ||
| 650 | 1 | 7 | _aالعلاقات الدولية |
| 650 | 1 | 7 | _aالسياسة الدولية. |
| 650 | 1 | 7 | _aالإقتصاد الكلي. |
| 700 | 1 |
_aظاهر، أحمد _eمترجم. |
|
| 942 |
_2ddc _cBK |
||
| 999 |
_c6525 _d6525 |
||